000 00662nam a2200205 i 4500
001 41267
003 ES-MaACL
005 20250707074235.0
007 t|
008 030310s1949 po ||||1| por d
100 1 _aCarvalho, Joaquim de.
_935961
245 1 0 _aEstudos sobre a cultura portuguesa do século XV /
_cJoaquín Carvalho.
260 _a[S.l.] :
_bUniversidade,
_c1949 (
_eCoimbra :
_fAtlántida)
300 _a365 p. ;
_c22 cm.
490 1 _aActa Universitatis Conimbrigensis
710 2 _aUniversidade de Coimbra.
_97461
830 0 0 _aActa Universitatis Conimbrigensis
_9181764
852 _aES-MaACL
_jE-4247
999 _c41267
_d41267